000 00728nam0a22002411 4500
001 rc\2971062
005 20260406073741.0
035 _a(NLR Aleph) 007117172
090 _a6826306
_c6826307
100 _a20090703d1938 u y0rusy50 ca
101 0 _arus
102 _aRU
105 _ay z ||||y
200 1 _aМужество
_eРоман
210 _aМосква
_cГослитиздат
_d1938
_g17 ф-ка нац. книги
215 _a664 с.
_d21 см
700 1 _8rus
_7ca
_aКетлинская
_bВ. К.
_gВера Казимировна
_f1906-1976
_3RU\NLR\AUTH\7732341
_915349
801 0 _aRU
_bNLR
_gpsbo
801 1 _aRU
_bELAR
_2rusmarc
852 _aNLR
_j38-3/792
942 _cUNSPEC
980 _aNB